[Event "TUR-chT 2nd League"]
[Site "Konya"]
[Date "2017.07.17"]
[Round "1.10"]
[White "Vanlioglu, Ece"]
[Black "Toydemir, Beyza Nur"]
[Result "0-1"]
[WhiteElo "1134"]
[BlackElo "1534"]
[PlyCount "102"]
[EventDate "2017.07.17"]
[EventType "team-swiss"]
[EventRounds "9"]
[EventCountry "TUR"]
[SourceTitle "CBM 179 Extra"]
[Source "ChessBase"]
[SourceDate "2017.08.23"]
[SourceVersion "1"]
[SourceVersionDate "2017.08.23"]
[SourceQuality "1"]
[WhiteTeam "Bursa Nida"]
[BlackTeam "Denizli Ihtisas"]
[WhiteTeamCountry "TUR"]
[BlackTeamCountry "TUR"]

1. e4 c5 2. Nf3 Nc6 3. c3 d5 4. exd5 Qxd5 5. d4 Bg4 6. Bb5 e6 7. 0-0 cxd4 8. c4 Qh5 9. Qxd4 Bxf3 10. gxf3 Nf6 11. Rd1 Bc5 12. Bxc6+ bxc6 13. Qf4 Qg6+ 14. Qg5 Qc2 15. Rf1 Qxc4 16. Bf4 h6 17. Qe5 Bd4 18. Qe1 Bxb2 19. Qd2 Bxa1 20. Na3 Qd4 21. Nc2 Qxd2 22. Bxd2 Be5 23. Nb4 Rc8 24. Rc1 c5 25. Be3 0-0 26. Rxc5 Rxc5 27. Bxc5 Rc8 28. Bxa7 Bd6 29. Nd3 Ra8 30. Be3 Rxa2 31. Bf4 Bxf4 32. Nxf4 Nd5 33. Nd3 Kh7 34. Ne5 f6 35. Nd3 Ra3 36. Nc5 Nf4 37. h4 Rxf3 38. h5 e5 39. Ne4 Nxh5 40. Nd2 Rd3 41. Nf1 Nf4 42. Kh1 h5 43. Ng3 h4 44. Ne2 Nxe2 45. f3 Rxf3 46. Kh2 h3 47. Kh1 Rf4 48. Kh2 Rh4 49. Kh1 h2 50. Kg2 h1Q+ 51. Kf2 Rh3 0-1

[Event "TUR-ch (Women)"]
[Site "Cesme"]
[Date "2016.03.09"]
[Round "5"]
[White "Toydemir, Beyza Nur"]
[Black "Sade, Defne"]
[Result "1-0"]
[WhiteElo "1462"]
[BlackElo "1546"]
[PlyCount "131"]
[EventDate "2016.03.07"]
[EventType "swiss"]
[EventRounds "9"]
[EventCountry "TUR"]
[SourceTitle "CBM 171 Extra"]
[Source "ChessBase"]
[SourceDate "2016.04.26"]
[SourceVersion "1"]
[SourceVersionDate "2016.04.26"]
[SourceQuality "1"]

1. e4 e5 2. Nf3 Nc6 3. Bc4 Bc5 4. c3 Nf6 5. d3 a6 6. Nbd2 d6 7. h3 Ba7 8. Bb3 h6 9. Nf1 0-0 10. Ng3 Ne7 11. 0-0 Ng6 12. Re1 Be6 13. d4 b5 14. Bxe6 fxe6 15. Be3 Qe7 16. Qc2 Qf7 17. Rac1 c6 18. dxe5 dxe5 19. a3 Qe7 20. c4 Rac8 21. Qc3 Bxe3 22. Rxe3 Qc7 23. Qb3 Qd7 24. Rd3 Qf7 25. Rcd1 Rfe8 26. Rd6 Re7 27. cxb5 axb5 28. Qc3 Rd7 29. Nxe5 Nxe5 30. Qxe5 Rcd8 31. Rxd7 Rxd7 32. Rc1 Rc7 33. Rd1 Rd7 34. Rd6 Rxd6 35. Qxd6 Qd7 36. Qxd7 Nxd7 37. Kf1 Kf7 38. Ke2 Ke7 39. Ke3 Ne5 40. b3 g6 41. Ne2 Nd7 42. Nf4 Kf6 43. Nd3 c5 44. f3 g5 45. Kd2 e5 46. Kc3 Ke6 47. a4 bxa4 48. bxa4 Kd6 49. a5 Kc7 50. Kc4 Kc6 51. g3 h5 52. h4 gxh4 53. gxh4 Kd6 54. Kb5 Nb8 55. Nxc5 Nc6 56. Nb3 Kc7 57. Kc5 Ne7 58. a6 Ng6 59. Na5 Kb8 60. Nc6+ Ka8 61. Kd5 Nxh4 62. Nxe5 Ng2 63. Nd3 h4 64. Nf2 Nf4+ 65. Ke5 Ne2 66. Nh3 1-0

[Event "TUR-ch (Women)"]
[Site "Cesme"]
[Date "2016.03.09"]
[Round "4"]
[White "Yassibag, Ipek Asli"]
[Black "Toydemir, Beyza Nur"]
[Result "1-0"]
[WhiteElo "1751"]
[BlackElo "1462"]
[PlyCount "163"]
[EventDate "2016.03.07"]
[EventType "swiss"]
[EventRounds "9"]
[EventCountry "TUR"]
[SourceTitle "CBM 171 Extra"]
[Source "ChessBase"]
[SourceDate "2016.04.26"]
[SourceVersion "1"]
[SourceVersionDate "2016.04.26"]
[SourceQuality "1"]

1. e4 c5 2. d4 cxd4 3. c3 dxc3 4. Nxc3 Nc6 5. Nf3 e6 6. Bc4 Be7 7. 0-0 d6 8. Qe2 Nf6 9. Rd1 Qc7 10. Nb5 Qb8 11. Bf4 e5 12. Bg5 0-0 13. Bxf6 Bxf6 14. Nxd6 Bg4 15. Nxf7 Rxf7 16. Bxf7+ Kxf7 17. Ng5+ Bxg5 18. Qxg4 Bf6 19. Rd7+ Kg8 20. Rad1 Nd4 21. Rc1 Nc6 22. Qe6+ Kh8 23. Qf7 Qe8 24. Qxe8+ Rxe8 25. Rxb7 Rd8 26. Kf1 Nd4 27. Rxa7 h6 28. b4 Rb8 29. a3 Nb5 30. Ra6 Rd8 31. a4 Bg5 32. Rc5 Rd1+ 33. Ke2 Rd2+ 34. Ke1 Nd4 35. Ra8+ Kh7 36. Rac8 Ra2 37. f4 Bxf4 38. a5 Bd2+ 39. Kd1 Bxb4 40. Rxe5 Ra1+ 41. Rc1 Rxa5 42. Rxa5 Bxa5 43. Rc4 Ne6 44. e5 Kg8 45. Ke2 Bc7 46. Ke3 Kf7 47. Ke4 Bb6 48. Kd5 Bg1 49. h3 Bh2 50. Kd6 Bg3 51. Ra4 Ng5 52. h4 Nh7 53. Rg4 Be1 54. Rf4+ Ke8 55. Ra4 Bg3 56. Rg4 Nf6 57. Rxg7 Ne4+ 58. Kd5 Kf8 59. Rg4 Nc3+ 60. Kd4 Be1 61. Rf4+ Ke7 62. Rf1 Ne2+ 63. Ke3 Bxh4 64. Kxe2 Ke6 65. Rf4 Bg3 66. Rf6+ Kxe5 67. Rxh6 Kf4 68. Ra6 Bh4 69. Ra4+ Kg3 70. Rxh4 Kxh4 71. Kf3 Kh5 72. Kf4 Kg6 73. Kg4 Kf6 74. Kh5 Kg7 75. Kg5 Kh7 76. Kf6 Kh8 77. Kf7 Kh7 78. g4 Kh6 79. Kf6 Kh7 80. g5 Kg8 81. Kg6 Kh8 82. Kf7 1-0

[Event "TUR-ch (Women)"]
[Site "Cesme"]
[Date "2016.03.07"]
[Round "1"]
[White "Toydemir, Beyza Nur"]
[Black "Yildiz Kadioglu, Betul Cemre"]
[Result "0-1"]
[WhiteElo "1462"]
[BlackElo "2349"]
[PlyCount "94"]
[EventDate "2016.03.07"]
[EventType "swiss"]
[EventRounds "9"]
[EventCountry "TUR"]
[SourceTitle "CBM 171 Extra"]
[Source "ChessBase"]
[SourceDate "2016.04.26"]
[SourceVersion "1"]
[SourceVersionDate "2016.04.26"]
[SourceQuality "1"]

1. e4 e5 2. Nf3 Nc6 3. Bc4 Nf6 4. d3 Be7 5. c3 0-0 6. Nbd2 d5 7. Bb5 Bd6 8. h3 Ne7 9. exd5 Nexd5 10. Ne4 h6 11. 0-0 c6 12. Nxd6 Qxd6 13. Bc4 Bf5 14. Re1 Rfe8 15. d4 e4 16. Ne5 c5 17. Bxd5 Qxd5 18. Be3 cxd4 19. cxd4 Qb5 20. Qe2 Qxe2 21. Rxe2 Rac8 22. Rc1 Rxc1+ 23. Bxc1 Rc8 24. Be3 Nd5 25. g4 Be6 26. Kg2 g5 27. b3 b5 28. f3 f6 29. Ng6 exf3+ 30. Kxf3 Bf7 31. Ne7+ Nxe7 32. Bxg5 Rc3+ 33. Be3 Nd5 34. Kf2 Nxe3 35. Rxe3 Rc2+ 36. Re2 Rxe2+ 37. Kxe2 b4 38. Kd3 Bd5 39. h4 Kf7 40. Ke3 Ke6 41. Kf4 a5 42. g5 fxg5+ 43. hxg5 hxg5+ 44. Kxg5 Be4 45. Kf4 Bb1 46. Ke3 Bxa2 47. Kd2 Bxb3 0-1